000 00345nam a2200157Ia 4500
100 _aRoy/Lilley
650 _aPsychology
942 _cBK
366 _f20
245 _aDealing with difficult people:Creating Success
260 _bKogan Page
_c2013
082 _a808.83
_bROY
300 _a146
546 _aENGLISH
_cComputers
999 _c22479
_d22479